Cities of Russia by Picture - Statistics

General Stats
  • This quiz has been taken 15 times
  • The average score is 5 of 8
Answer Stats
Picture Answer % Correct
Moscow
100%
St. Petersburg
86%
Novosibirsk
79%
Kazan
71%
Nizhny Novgorod
43%
Samara
43%
Omsk
36%
Sochi
36%
No matching quizzes found
Score Distribution
Percent of People with Each Score
Percentile by Number Answered
Your Score History
You have not taken this quiz